书目信息 |
| 题名: |
企业实用文体大全
|
|
| 作者: | 赵还章 主编 | |
| 分册: | ||
| 出版信息: | 武汉 中国建材工业出版社 1999.06 |
|
| 页数: | 525页 | |
| 开本: | 32开 | |
| 丛书名: | ||
| 单 册: | ||
| 中图分类: | H152.3-62 | |
| 科图分类: | ||
| 主题词: | 汉语--写作 , 汉语--修辞 | |
| 电子资源: | ||
| ISBN: | 7-80090-772-4 | |
| 000 | 00596nam0 2200205 45 | |
| 001 | 0007172264 | |
| 005 | 20000717223440.1 | |
| 010 | @a7-80090-772-4@d36.00元 | |
| 100 | @a20000717d1999 km y0chiy0120 ea | |
| 101 | 0 | @achi |
| 105 | @a z 000yy | |
| 200 | 1 | @a企业实用文体大全@AQi Ye Shi Yong Wen Ti Da Quan@f赵还章主编@FZhao Hai Zhang Zhu Bian |
| 210 | @a武汉@c中国建材工业出版社@d1999.06 | |
| 215 | @a525页@d32开 | |
| 606 | 0 | @a汉语@x写作 |
| 606 | 0 | @a汉语@x修辞 |
| 690 | @aH152.3-62@v3 | |
| 701 | 0 | @a赵还章@4主编 |
| 801 | @aCN@bPftUser@c20000717 | |
| 905 | @b74078-082@dH152.3-62@eZH966@f5 | |
| 企业实用文体大全/赵还章主编.-武汉:中国建材工业出版社,1999.06 |
| 525页;32开 |
| ISBN 7-80090-772-4:36.00元 |
| ● |
| 相关链接 |
|
|
|
正题名:企业实用文体大全
索取号:H152.3-62/ZH966
 
预约/预借
| 序号 | 登录号 | 条形码 | 馆藏地/架位号 | 状态 | 备注 |
| 1 | 74078 | 200740788 | 语言库209/209语言库 76排3列3层/ [索取号:H152.3-62/ZH966] | 在馆 | |
| 2 | 74079 | 200740797 | 语言库209/209语言库 76排3列3层/ [索取号:H152.3-62/ZH966] | 在馆 | |
| 3 | 74080 | 200740804 | 自科二线504/504自科库 28排2列1层/ [索取号:H152.3-62/ZH966] | 在馆 | |
| 4 | 74081 | 200740813 | 语言库209/209语言库 76排3列3层/ [索取号:H152.3-62/ZH966] | 在馆 | |
| 5 | 74082 | 200740822 | 语言库209/209语言库 76排3列3层/ [索取号:H152.3-62/ZH966] | 在馆 |